[Event "Passau op 8th"]
[Site "Passau"]
[Date "2000.04.23"]
[Round "6"]
[White "Marx, Richart"]
[Black "Kuehlwein, Ralf"]
[Result "1-0"]
[WhiteElo "1558"]
[BlackElo "1580"]
[PlyCount "123"]
[EventDate "2000.04.21"]
[EventType "swiss"]
[EventRounds "7"]
[EventCountry "GER"]
[SourceTitle "CBM 076 Extra"]
[Source "ChessBase"]
[SourceDate "2000.07.11"]
[SourceVersion "1"]
[SourceVersionDate "2000.07.11"]
[SourceQuality "1"]

1. c4 e5 2. Nc3 Nf6 3. Nf3 Nc6 4. g3 d5 5. cxd5 Nxd5 6. Bg2 Be6 7. d3 Be7 8. 0-0 0-0 9. a3 Qd7 10. Bd2 f5 11. b4 a6 12. Qc2 f4 13. Ne4 h6 14. Nc5 Bxc5 15. Qxc5 b6 16. Qc2 Nde7 17. Nxe5 Nxe5 18. Bxa8 Rxa8 19. Bxf4 Qd5 20. Qxc7 Bh3 21. e4 Nf3+ 22. Kh1 Qxd3 23. Rfc1 Qxe4 24. Qc4+ Qxc4 25. Rxc4 Ng6 26. Be3 Nge5 27. Rf4 b5 28. Rd1 Rc8 29. Bc5 Rc6 30. Rd8+ Kh7 31. Rdf8 Re6 32. Re4 Nd3 33. Rxe6 Bxe6 34. Kg2 Nfe5 35. Bd4 Bd5+ 36. Kf1 Nc4 37. Rd8 Be4 38. Rd7 Nde5 39. Re7 Bd3+ 40. Kg2 Be4+ 41. f3 Bxf3+ 42. Kf2 Nc6 43. Rxg7+ Kh8 44. Ba1 N6e5 45. Re7 Bg4 46. Bxe5+ Kg8 47. Rg7+ Kf8 48. Rxg4 Nxe5 49. Re4 Nc4 50. Rxc4 bxc4 51. Ke3 c3 52. Kd3 c2 53. Kxc2 Ke7 54. a4 Kd6 55. b5 axb5 56. axb5 Kc5 57. Kd3 Kxb5 58. Ke4 Kc4 59. Kf5 Kd4 60. Kg6 Ke4 61. Kxh6 Kf3 62. Kg5 1-0

[Event "Regionalliga NO 9900"]
[Site "Bayern"]
[Date "2000.??.??"]
[Round "6.8"]
[White "Marx, Richart"]
[Black "Fink, Martin"]
[Result "0-1"]
[WhiteElo "1605"]
[BlackElo "1895"]
[PlyCount "101"]
[EventDate "1999.??.??"]
[EventType "team-tourn"]
[EventRounds "9"]
[EventCountry "GER"]
[SourceTitle "EXT 2020"]
[Source "ChessBase"]
[SourceDate "2019.10.17"]
[SourceVersion "1"]
[SourceVersionDate "2019.10.17"]
[SourceQuality "1"]
[WhiteTeam "Amberg SG Siemens"]
[BlackTeam "Gunzenhausen"]
[WhiteTeamCountry "GER"]
[BlackTeamCountry "GER"]

1. c4 e6 2. Nc3 d5 3. cxd5 exd5 4. d4 Nf6 5. Bg5 Be7 6. e3 c6 7. Nf3 Ne4 8. Bxe7 Qxe7 9. Nxe4 dxe4 10. Nd2 0-0 11. Bc4 Nd7 12. 0-0 Nb6 13. Bb3 Be6 14. Bxe6 Qxe6 15. b4 Rad8 16. Qc2 f5 17. Nb3 Nd5 18. Nc5 Qe7 19. a3 Rd6 20. Rae1 b6 21. Na4 Rh6 22. g3 Qg5 23. f4 exf3 24. Rxf3 Re6 25. e4 fxe4 26. Rxf8+ Kxf8 27. Rxe4 Rxe4 28. Qxe4 Qe3+ 29. Qxe3 Nxe3 30. Nc3 Nc2 31. d5 cxd5 32. Nxd5 Nxa3 33. Kf2 a5 34. bxa5 bxa5 35. Nc3 Nc4 36. Ke2 Kf7 37. Kd3 Ne5+ 38. Ke4 Ng4 39. h4 Ke6 40. Kf4 Nf6 41. Kg5 Ke5 42. Na4 Ne4+ 43. Kg4 Nf6+ 44. Kg5 Ke4 45. h5 Kf3 46. h6 Ne4+ 47. Kh4 g5+ 48. Kh5 Kxg3 49. Nc3 Kf4 50. Nxe4 Kxe4 51. Kxg5 0-1